<?xml version="1.0" encoding="UTF-8"?>
<record
    xmlns:xsi="http://www.w3.org/2001/XMLSchema-instance"
    xsi:schemaLocation="http://www.loc.gov/MARC21/slim http://www.loc.gov/standards/marcxml/schema/MARC21slim.xsd"
    xmlns="http://www.loc.gov/MARC21/slim">

  <leader>04326cam a22005054i 4500</leader>
  <controlfield tag="003">PE-LiUPU</controlfield>
  <controlfield tag="005">20250731173055.0</controlfield>
  <controlfield tag="008">150623s1988    ck a    r     000 0 spa d</controlfield>
  <datafield tag="020" ind1=" " ind2=" ">
    <subfield code="a">0828001634</subfield>
  </datafield>
  <datafield tag="035" ind1=" " ind2=" ">
    <subfield code="a">(Sirsi) a24226</subfield>
  </datafield>
  <datafield tag="040" ind1=" " ind2=" ">
    <subfield code="a">PE-LiUPU</subfield>
    <subfield code="b">spa</subfield>
    <subfield code="c">PE-LiUPU</subfield>
    <subfield code="e">rda</subfield>
  </datafield>
  <datafield tag="049" ind1=" " ind2=" ">
    <subfield code="a">PRUA</subfield>
  </datafield>
  <datafield tag="082" ind1="0" ind2="4">
    <subfield code="a">248.82</subfield>
    <subfield code="b">M465m</subfield>
    <subfield code="2">23</subfield>
  </datafield>
  <datafield tag="100" ind1="1" ind2=" ">
    <subfield code="a">Maxwell, Arturo S.,</subfield>
    <subfield code="e">autor.</subfield>
  </datafield>
  <datafield tag="245" ind1="1" ind2="0">
    <subfield code="a">Mis historias favoritas /</subfield>
    <subfield code="c">Arturo S. Maxwell.</subfield>
  </datafield>
  <datafield tag="264" ind1=" " ind2="1">
    <subfield code="a">[Santaf&#xE9; de Bogot&#xE1;, Colombia] :</subfield>
    <subfield code="b">Asociaci&#xF3;n Publicadora Interamericana,</subfield>
    <subfield code="c">1988.</subfield>
  </datafield>
  <datafield tag="264" ind1=" " ind2="1">
    <subfield code="a">[Santaf&#xE9; de Bogot&#xE1;, Colombia] :</subfield>
    <subfield code="b">Asociaci&#xF3;n Publicadora Interamericana,</subfield>
    <subfield code="c">1986.</subfield>
  </datafield>
  <datafield tag="300" ind1=" " ind2=" ">
    <subfield code="a">3 tomos :</subfield>
    <subfield code="b">ilustraciones ;</subfield>
    <subfield code="c">21 cent&#xED;metros.</subfield>
    <subfield code="c">25 cent&#xED;metros.</subfield>
  </datafield>
  <datafield tag="300" ind1=" " ind2=" ">
    <subfield code="a">2 vol&#xFA;menes :</subfield>
    <subfield code="b">ilustraciones ;</subfield>
    <subfield code="c">24.5 cent&#xED;metros.</subfield>
  </datafield>
  <datafield tag="336" ind1=" " ind2=" ">
    <subfield code="a">text</subfield>
    <subfield code="2">rdacontent</subfield>
  </datafield>
  <datafield tag="337" ind1=" " ind2=" ">
    <subfield code="a">unmediated</subfield>
    <subfield code="2">rdamedia</subfield>
  </datafield>
  <datafield tag="338" ind1=" " ind2=" ">
    <subfield code="a">volume</subfield>
    <subfield code="2">rdacarrier</subfield>
  </datafield>
  <datafield tag="500" ind1=" " ind2=" ">
    <subfield code="a">Tres vol&#xFA;menes</subfield>
  </datafield>
  <datafield tag="505" ind1="0" ind2=" ">
    <subfield code="a">(Tomo: 0)
Las manos de mam&#xE1; -- Cuando Ricardo se escap&#xF3; -- La victoria de Beatriz -- El pastel hueco -- Pedro paga una deuda -- Las dos Carolinas -- Un muchacho encadenado -- Cavando en busca de una bicicleta -- Los patines de Brenda -- Daniel y los aviones bombarderos -- El secreto de la felicidad -- Guillermo aprende una lecci&#xF3;n -- El valor de una Sonrisa -- El viaje navide&#xF1;o de la abuelita -- Los juguetes de Tom&#xE1;s -- Salvados de las aguas -- La b&#xFA;squeda del tesoro -- &#xA1;Levanta tu mano! -- C&#xF3;mo obtuvo Patricio su tren el&#xE9;ctrico -- La moneda de Jos&#xE9; -- El hombre que nunca dej&#xF3; de orar -- Jaime y los frascos de mermelada -- Nuestras oraciones -- C&#xF3;mo vencer la tentaci&#xF3;n.</subfield>
  </datafield>
  <datafield tag="505" ind1="0" ind2=" ">
    <subfield code="a">Tomo 1:
Por qu&#xE9; V&#xED;ctor pod&#xED;a dormir tranquilo -- El sacrificio de Andrea -- Dos ni&#xF1;as ego&#xED;stas -- Nelly, Nancy y el &#xE1;rbol de Navidad -- Hilos enredados -- La desagradecida Elsita -- Sin vidrio de por medio -- Por qu&#xE9; Bozo no se movi&#xF3; -- S&#xF3;lo una broma -- Eva y el &#xE1;rbol de Navidad -- C&#xF3;mo Rosita alcanz&#xF3; el tren -- El remedio de t&#xED;a Juanita -- El muchacho que no pudo esperar -- Una historia de perros -- M&#xF3;nica y el indio -- El prendedor de mam&#xE1; -- Lo que cambi&#xF3; a Carlos -- Una cama en la ba&#xF1;era -- El fiel Rover -- Verdadera hermosura -- Una ni&#xF1;ita valiente -- Carola y el rociador -- Lorena, la solitaria -- L&#xED;o en las escaleras -- Salvado por su perro -- El muchacho que era siempre el mejor -- Arrebatado del incendio -- El regalo de Carla -- El d&#xED;a que Ricardo perdi&#xF3; su almuerzo -- Etel y el mont&#xF3;n de paja -- El muchacho que perdi&#xF3; el billete -- Salvados de la tormenta -- El &#xFA;ltimo salto -- C&#xF3;mo Betina se perdi&#xF3; una fiesta -- Javier al rescate -- Las marcas delatoras -- Dos ni&#xF1;as y una mu&#xF1;eca.
</subfield>
  </datafield>
  <datafield tag="505" ind1="0" ind2=" ">
    <subfield code="a">Tomo 2:
Entre nosotros -- Teresina -- La tormenta -- La manzana de Paula -- El regalo de mam&#xE1; -- Diego y la pelota de b&#xE9;isbol -- La tentaci&#xF3;n de Marina -- Abrigo en el desierto -- La mancha que desapareci&#xF3; -- &#xBF;Contesta Dios nuestras oraciones? -- "Un pan entero por favor -- El camino iluminado -- Una muralla de caballos -- Cuando el viejo Ford se detuvo -- Perdidas en la lluvia -- Las palabras en la pared -- La Nany del piso de arriba -- &#xA1;Maravilloso papito! -- Dos perros y una ni&#xF1;a -- El fiel Fidelio -- Jes&#xFA;s comprendi&#xF3; -- La impaciente Norma -- "El muchacho m&#xE1;s honrado" -- El amor encuentra un camino -- El rostro en el peral -- Cuando la abuelita golpe&#xF3; el barril -- Javier y las estrellitas -- &#xA1;Secuestrado! -- "&#xBF;Eres t&#xFA; Dios?" -- El extra&#xF1;o vuelo de Alida -- C&#xF3;mo Ronald hizo sonar las campanas -- El secreto de las mellizas -- Amor de madre -- La casa que brill&#xF3; --"Devoluci&#xF3;n por favor" -- Katy, la curiosa -- Elimina el no -- Patricio nunca m&#xE1;s lleg&#xF3; tarde.</subfield>
  </datafield>
  <datafield tag="526" ind1=" " ind2=" ">
    <subfield code="a">SEG42</subfield>
  </datafield>
  <datafield tag="526" ind1=" " ind2=" ">
    <subfield code="a">SEG41</subfield>
  </datafield>
  <datafield tag="526" ind1=" " ind2=" ">
    <subfield code="a">SEG40</subfield>
  </datafield>
  <datafield tag="526" ind1=" " ind2=" ">
    <subfield code="a">SEG39</subfield>
  </datafield>
  <datafield tag="526" ind1=" " ind2=" ">
    <subfield code="a">P94</subfield>
  </datafield>
  <datafield tag="526" ind1=" " ind2=" ">
    <subfield code="a">P87</subfield>
  </datafield>
  <datafield tag="526" ind1=" " ind2=" ">
    <subfield code="a">P86</subfield>
  </datafield>
  <datafield tag="526" ind1=" " ind2=" ">
    <subfield code="a">P85</subfield>
  </datafield>
  <datafield tag="526" ind1=" " ind2=" ">
    <subfield code="a">P77</subfield>
  </datafield>
  <datafield tag="526" ind1=" " ind2=" ">
    <subfield code="a">P76</subfield>
  </datafield>
  <datafield tag="526" ind1=" " ind2=" ">
    <subfield code="a">P35</subfield>
  </datafield>
  <datafield tag="650" ind1="0" ind2="4">
    <subfield code="a">Literatura cristiana infantil.</subfield>
  </datafield>
  <datafield tag="910" ind1=" " ind2=" ">
    <subfield code="a">dbm</subfield>
  </datafield>
  <datafield tag="942" ind1=" " ind2=" ">
    <subfield code="2">ddc</subfield>
    <subfield code="c">BOOK</subfield>
  </datafield>
  <datafield tag="949" ind1=" " ind2=" ">
    <subfield code="a">220.95 M31</subfield>
    <subfield code="w">DEWEY</subfield>
    <subfield code="c">1</subfield>
    <subfield code="i">48511</subfield>
    <subfield code="l">CCODEBUL1</subfield>
    <subfield code="m">BUL</subfield>
    <subfield code="p">06.00</subfield>
    <subfield code="r">0</subfield>
    <subfield code="s">Y</subfield>
    <subfield code="t">BOOK</subfield>
    <subfield code="u">2015-06-24</subfield>
    <subfield code="x">TEOLOGIA</subfield>
    <subfield code="0">COMPRA</subfield>
    <subfield code="o">.STAFF. Colecci&#xF3;n General</subfield>
  </datafield>
  <datafield tag="980" ind1=" " ind2=" ">
    <subfield code="8">1</subfield>
    <subfield code="g">ALBERTO SANCHEZ Responsable de Automatizaci&#xF3;n</subfield>
  </datafield>
  <datafield tag="999" ind1=" " ind2=" ">
    <subfield code="c">27681</subfield>
    <subfield code="d">27681</subfield>
  </datafield>
  <datafield tag="952" ind1=" " ind2=" ">
    <subfield code="r">2024-09-04 10:38:14</subfield>
    <subfield code="i">6</subfield>
    <subfield code="l">12</subfield>
    <subfield code="o">220.95 M31</subfield>
    <subfield code="p">48511</subfield>
    <subfield code="s">2023-10-15</subfield>
    <subfield code="t">e1</subfield>
    <subfield code="v">11.00</subfield>
    <subfield code="w">2015-06-24</subfield>
    <subfield code="x">FACTEO</subfield>
    <subfield code="y">BK</subfield>
    <subfield code="z">inventario-2023-12-13</subfield>
    <subfield code="1">0</subfield>
    <subfield code="2">ddc</subfield>
    <subfield code="3">t0</subfield>
    <subfield code="5">0</subfield>
    <subfield code="7">0</subfield>
    <subfield code="8">GEN</subfield>
    <subfield code="f">P35</subfield>
    <subfield code="a">BUL</subfield>
    <subfield code="b">BUL</subfield>
    <subfield code="c">GEN</subfield>
    <subfield code="d">2015-06-24</subfield>
    <subfield code="e">COMPRA</subfield>
    <subfield code="g">6.00</subfield>
  </datafield>
  <datafield tag="952" ind1=" " ind2=" ">
    <subfield code="r">2024-07-22 15:56:19</subfield>
    <subfield code="i">6</subfield>
    <subfield code="l">0</subfield>
    <subfield code="o">220.95 M31</subfield>
    <subfield code="p">82240</subfield>
    <subfield code="t">e1</subfield>
    <subfield code="v">11.00</subfield>
    <subfield code="w">2024-07-22</subfield>
    <subfield code="x">FACTEO</subfield>
    <subfield code="y">BK</subfield>
    <subfield code="1">0</subfield>
    <subfield code="2">ddc</subfield>
    <subfield code="3">t1</subfield>
    <subfield code="5">0</subfield>
    <subfield code="7">0</subfield>
    <subfield code="8">GEN</subfield>
    <subfield code="f">P35</subfield>
    <subfield code="a">BUL</subfield>
    <subfield code="b">BUL</subfield>
    <subfield code="c">GEN</subfield>
    <subfield code="d">2024-07-12</subfield>
    <subfield code="e">Donaci&#xF3;n, Miguel Bernui.</subfield>
  </datafield>
  <datafield tag="952" ind1=" " ind2=" ">
    <subfield code="r">2025-12-02 00:00:00</subfield>
    <subfield code="i">6</subfield>
    <subfield code="l">0</subfield>
    <subfield code="o">220.95 M31</subfield>
    <subfield code="p">82241</subfield>
    <subfield code="t">e1</subfield>
    <subfield code="v">11.00</subfield>
    <subfield code="w">2024-07-22</subfield>
    <subfield code="x">FACTEO</subfield>
    <subfield code="y">BK</subfield>
    <subfield code="1">0</subfield>
    <subfield code="2">ddc</subfield>
    <subfield code="3">t2</subfield>
    <subfield code="5">0</subfield>
    <subfield code="7">0</subfield>
    <subfield code="8">GEN</subfield>
    <subfield code="f">P35</subfield>
    <subfield code="a">BUL</subfield>
    <subfield code="b">BUL</subfield>
    <subfield code="c">GEN</subfield>
    <subfield code="d">2024-07-12</subfield>
    <subfield code="e">Donaci&#xF3;n, Miguel Bernui.</subfield>
  </datafield>
</record>
